000 00431nam a2200157 i 4500
001 47341
003 ES-MaACL
005 20230906161538.0
007 t|
008 030407s1923 fr ||||1| fre d
100 1 _aCoquiot, Gustave.
_940438
245 1 0 _aVincent van Gogh /
_cGustave Coquiot.
260 _a[S.l. :
_bs.n.,
_c1923] (
_eSaint-Denis :
_fImp. J. Dardaillon)
300 _a335 p. ;
_c21 cm.
852 _aES-MaACL
_jD-600
999 _c47341
_d47341